000 00399nam a2200157Ia 4500
003 LK-CoDNM
008 010623t1986 xxu||||| |||| 00| 1 eng d
040 _aLK-CoDNM
_dLK-CoDNM
_eLK-CoDNM
041 _aeng
080 _a77(1)
245 _aPhoto presentation External Asia
260 _bAsian cultureal centre for Unesco
_c1986
300 _b208, 21.5 cm
650 _aPhotography
942 _cBK
999 _c113170
_d113170